|
|
|
|
| LEADER |
00000cam a2200000 i 4500 |
| 001 |
1/8391 |
| 008 |
100614s2004 gre d |
| 020 |
|
|
|a 960-91553-3-2
|
| 035 |
|
|
|l 10108236
|
| 040 |
|
|
|a GR-MY-UA
|b gre
|e aacr
|
| 041 |
0 |
|
|a gre
|
| 082 |
0 |
|
|a 230
|2 (22)
|
| 100 |
1 |
|
|a Ψαρράκη-Γραμματά, Σοφία.
|
| 245 |
1 |
3 |
|a Το σχέδιο της επαναφοράς /
|c Σοφία Ψαρράκη-Γραμματά
|
| 260 |
|
|
|a Αθήνα-Πεντέλη :
|b [χ.ό.],
|c 2004
|
| 300 |
|
|
|a 195 σ.;
|c 25 εκ.
|
| 650 |
0 |
0 |
|a Christianity
|x Miscellanea.
|
| 650 |
0 |
0 |
|a God (Christianity)
|
| 650 |
0 |
0 |
|a Theology.
|
| 650 |
0 |
0 |
|a Religion
|x Philosophy.
|
| 852 |
|
|
|a INST
|b CHIOS
|e 20100614
|h 230 ΨΑΡ
|p 005200029615
|q 005200029615
|t BK
|y 0
|
| 852 |
|
|
|a INST
|b SAMOS
|e 20120426
|h 230 ΨΑΡ
|p 005300033875
|q 005300033875
|t BK
|y 0
|
| 901 |
|
|
|a BIBL3-2012-1
|
| 901 |
|
|
|a BIBL2-2010-2
|
| 909 |
|
|
|a Σ
|b 172222
|
| 909 |
|
|
|a Χ
|b 148038
|
| 970 |
|
|
|a ΣΑΛΑΜΟΥΡΑ
|b ΜΑΡΙΑ
|z 2010/06/14
|